Informe sobre el desarrollo mundial 2004: Serivios para los pobres. Panorama general

محفوظ في:
التفاصيل البيبلوغرافية
التنسيق: نص
الموضوعات:
الوسوم: إضافة وسم
لا توجد وسوم, كن أول من يضع وسما على هذه التسجيلة!

MARC

LEADER 00000 a a2200000 04500
001 44813
003
040
245 |a Informe sobre el desarrollo mundial 2004:   |b Serivios para los pobres. Panorama general  
650 |a INFORMES ANUALES  
650 |a SECTOR PUBLICO  
650 |a SERVICIOS  
650 |a REFORMA ADMINISTRATIVA  
650 |a AGUA  
650 |a ELECTRICIDAD  
773 |g (2004)  
999 |c 39405  |d 39405